000 00462nab a2200145Ia 4500
003 ES-SlBCS
005 20220212160509.0
008 140529s1996 xxu||||| |||| 00| 0 spa d
041 _aspa
100 1 _aTracy, David
_916480
245 0 0 _aEl desafío de la teología feminista a la teología fundamental
_c David Tracy
650 0 4 _aTeología Fundamental-Teología Feminista
_9235316
773 0 _tConcilium
_gnº. 263, 1996, págs. 129-131
_wRev134
942 _cAR
999 _c632244
_d632244